|
|
|
|
| LEADER |
00000nam0a2200000 4500 |
| 001 |
33000 |
| 005 |
20231101210130.0 |
| 035 |
|
|
|a (RuTPU)RU\TPU\book\33315
|
| 035 |
|
|
|a BOOK00000033
|
| 090 |
|
|
|a 33000
|
| 100 |
|
|
|a 20011210d1985 m y0rusy50 ca
|
| 101 |
1 |
|
|a rus
|c ger
|
| 102 |
|
|
|a RU
|
| 105 |
|
|
|a а z 000zy
|
| 200 |
1 |
|
|a Химия для любознательных
|a Основы химии и занимательные опыты
|e пер. с нем.
|f Э. Гроссе, Х. Вайсмантель
|
| 205 |
|
|
|a 2-е русское изд.
|
| 210 |
|
|
|a Ленинград
|c Химия
|d 1985
|
| 215 |
|
|
|a 336 с.
|c ил.
|
| 606 |
1 |
|
|a Химия занимательная
|2 stltpush
|3 (RuTPU)RU\TPU\subj\17384
|9 43043
|
| 610 |
1 |
|
|a вода
|
| 610 |
1 |
|
|a воздух
|
| 610 |
1 |
|
|a щелочи
|
| 610 |
1 |
|
|a кислоты
|
| 610 |
1 |
|
|a соли
|
| 610 |
1 |
|
|a сера
|
| 610 |
1 |
|
|a металлы
|
| 610 |
1 |
|
|a углерод
|
| 610 |
1 |
|
|a природные материалы
|
| 610 |
1 |
|
|a пластмассы
|
| 610 |
1 |
|
|a термопласты
|
| 610 |
1 |
|
|a красители
|
| 610 |
1 |
|
|a косметика
|
| 610 |
1 |
|
|a моющие средства
|
| 610 |
1 |
|
|a питание
|
| 610 |
1 |
|
|a химические опыты
|
| 610 |
1 |
|
|a реактивы
|
| 610 |
1 |
|
|a лабораторное оборудование
|
| 610 |
1 |
|
|a продукты
|
| 675 |
|
|
|a 54-048.67
|v 3
|
| 700 |
|
1 |
|a Гроссе
|b Э.
|g Эрих
|
| 701 |
|
1 |
|a Вайсмантель
|b Х.
|g Христиан
|
| 801 |
|
0 |
|a RU
|b 63413507
|c 20011210
|g PSBO
|
| 801 |
|
2 |
|a RU
|b 63413507
|c 20210325
|g PSBO
|
| 942 |
|
|
|c BK
|